Active gate driver with turn-off delay control for voltage balancing of series-connected sic mosfets / (Record no. 21403)
[ view plain ]
| 000 -LEADER | |
|---|---|
| fixed length control field | 01025nam a22002417a 4500 |
| 003 - CONTROL NUMBER IDENTIFIER | |
| control field | OSt |
| 005 - DATE AND TIME OF LATEST TRANSACTION | |
| control field | 20250329164901.0 |
| 008 - FIXED-LENGTH DATA ELEMENTS--GENERAL INFORMATION | |
| fixed length control field | 240906b ||||| |||| 00| 0 eng d |
| 040 ## - CATALOGING SOURCE | |
| Transcribing agency | 0 |
| 082 ## - DEWEY DECIMAL CLASSIFICATION NUMBER | |
| Classification number | DPer 621.317 Ie21 December 2022 v.37 n. 12 part 1&2. |
| 100 ## - MAIN ENTRY--PERSONAL NAME | |
| Personal name | Son, Myongsu. |
| Relator term | author. |
| 9 (RLIN) | 60413 |
| 245 ## - TITLE STATEMENT | |
| Title | Active gate driver with turn-off delay control for voltage balancing of series-connected sic mosfets / |
| Statement of responsibility, etc. | Myongsu Son, Younghoon Cho, and Seunghoon Baek. |
| 260 ## - PUBLICATION, DISTRIBUTION, ETC. (IMPRINT) | |
| Place of publication, distribution, etc. | New York ; |
| Name of publisher, distributor, etc. | The Institute of Electrical and Electronics Engineers, Inc., |
| Date of publication, distribution, etc. | December 2022. |
| 300 ## - PHYSICAL DESCRIPTION | |
| Extent | volume 37, pages 14575-14586, |
| Other physical details | illustration. |
| 500 ## - GENERAL NOTE | |
| General note | IEEE Transactions on Power Electronics, v. 37 n. 12, pages 14575-14586, December 2022. |
| 650 #0 - SUBJECT ADDED ENTRY--TOPICAL TERM | |
| Topical term or geographic name as entry element | Silicon carbide (SiC). |
| 9 (RLIN) | 66092 |
| 650 #0 - SUBJECT ADDED ENTRY--TOPICAL TERM | |
| Topical term or geographic name as entry element | series-connection. |
| 9 (RLIN) | 66093 |
| 650 #0 - SUBJECT ADDED ENTRY--TOPICAL TERM | |
| Topical term or geographic name as entry element | time delay control. |
| 9 (RLIN) | 66094 |
| 700 ## - ADDED ENTRY--PERSONAL NAME | |
| Personal name | Son, Myongsu. |
| Relator term | author. |
| 9 (RLIN) | 60413 |
| 700 ## - ADDED ENTRY--PERSONAL NAME | |
| Personal name | Cho, Younghoon. |
| Relator term | author. |
| 9 (RLIN) | 60414 |
| 700 ## - ADDED ENTRY--PERSONAL NAME | |
| Personal name | Baek, Seunghoon. |
| Relator term | author. |
| 9 (RLIN) | 60415 |
| 942 ## - ADDED ENTRY ELEMENTS (KOHA) | |
| Source of classification or shelving scheme | Dewey Decimal Classification |
| Koha item type | Periodicals |
| Withdrawn status | Lost status | Source of classification or shelving scheme | Damaged status | Not for loan | Collection code | Home library | Current library | Date acquired | Total Checkouts | Full call number | Date last seen | Price effective from | Koha item type | Public note |
|---|---|---|---|---|---|---|---|---|---|---|---|---|---|---|
| Dewey Decimal Classification | Periodicals | UM Digos College - LIC | UM Digos College - LIC | 09/06/2024 | DPer 621.317 Ie21 December 2022 v.37 n. 12 part 1&2. | 09/06/2024 | 09/06/2024 | Periodicals | Periodical Article | |||||
| Dewey Decimal Classification | Periodicals | UM Digos College - LIC | UM Digos College - LIC | 09/06/2024 | DPer 621.317 Ie21 December 2022 v.37 n. 12 part 1&2. | 09/06/2024 | 09/06/2024 | Periodicals | Periodical Article |
